Souverains de A à Z - Statistiques

Statistiques générales
  • Ce quiz a été pris 62 fois
  • Le résultat moyen est 7 sur 26
Statistiques - réponses
Lettre INDICE Nom % Correct
C Fils d'Elisabeth et de Philip Charles III
97%
U Roi d'Ithaque selon Homère Ulysse
78%
J Seuls deux rois de France ont porté ce prénom Jean
71%
K Il a pour tombeau la plus grande pyramide de Gizeh Khéops
69%
B Il a été empereur de Centrafrique de 1976 à 1979 Bokassa
52%
G Le dernier à avoir régné sur l'empire allemand Guillaume II
50%
V Roi d'Italie de 1861 à 1878 Victor-Emmanuel II
41%
E Sa succession a provoqué la conquête normande de l'Angleterre Edouard
36%
F Roi Bourbon Felipe VI
22%
P La reine Elisabeth lui succédera Philippe
22%
D Roi des Francs connu pour la culotte qu'il ne portait pourtant pas Dagobert 1er
21%
A Règne sur le royaume hachémite Abdallah II
16%
N Empereur depuis 2019 Naruhito
16%
Z Elle fut reine de Palmyre Zénobie
16%
R Il règne depuis 2016 à Bangkok Rama X
12%
X Roi perse achéménide mort en 465 avant J.C. Xerxès 1er
10%
I Bizet a voulu lui consacrer un opéra Ivan IV
5%
M A épousé Henri de Montpezat Margrethe II
5%
W A succédé à sa mère et à sa grand-mère Willem-Alexander
5%
O Fondateur du Saint-Empire romain germanique Otton 1er
3%
L Règne sur un pays enclavé d'Afrique Letsie III
2%
T Les amateurs de rugby connaissent son royaume Tupou VI
2%
Y Empereur d'Ethiopie de 1667 à 1682 Yohannès 1er
2%
H Roi d'un royaume insulaire depuis 2000 Hamad II
0%
Q Règne 8 mois sur l'Empire romain en 270 Quintillus
0%
S Emir d'un petit pays producteur de pétrole Sabah IV
0%
Aucun quiz correspondant
Distribution des résultats
% des personnes avec chaque résultat
Percentile par nombre de réponses
Votre historique - résultats
Vous n’avez pas pris ce quiz